Segunda parte del tomo segundo de las Obras de Don Luis de Gongora / (Record no. 154509)
[ view plain ]
| 000 -LEADER | |
|---|---|
| campo de control de longitud fija | 01302nam a2200241 i 4500 |
| 001 - NÚMERO DE CONTROL | |
| campo de control | 154509 |
| 003 - IDENTIFICADOR DE NÚMERO DE CONTROL | |
| campo de control | ES-MaACL |
| 005 - FECHA Y HORA DE LA ÚLTIMA TRANSACCIÓN | |
| campo de control | 20230906205747.0 |
| 008 - DATOS DE LONGITUD FIJA--INFORMACIÓN GENERAL | |
| campo de control de longitud fija | 931025s1648 sp a |||| | spa d |
| 040 ## - FUENTE DE CATALOGACIÓN | |
| Centro catalogador/agencia de origen | PAB |
| Lengua de catalogación | spa |
| Centro/agencia transcriptor | PAB |
| 100 1# - ENTRADA PRINCIPAL--NOMBRE DE PERSONA | |
| Nombre de persona | Góngora y Argote, Luis de. |
| 9 (RLIN) | 58246 |
| 245 10 - MENCIÓN DEL TÍTULO | |
| Título | Segunda parte del tomo segundo de las Obras de Don Luis de Gongora / |
| Mención de responsabilidad, etc. | comentadas por Don Garcia de Salzedo Coronel ... ; con dos indices. |
| 260 ## - PUBLICACIÓN, DISTRIBUCIÓN, ETC. | |
| Lugar de publicación, distribución, etc. | En Madrid : |
| Nombre del editor, distribuidor, etc. | por Diego Diaz de la Carrera, |
| Fecha de publicación, distribución, etc. | 1648. |
| 300 ## - DESCRIPCIÓN FÍSICA | |
| Extensión | [10], 574 [i.e. 582], [38] p. ; |
| Dimensiones | 4º. |
| 594 ## - Nota al título y mención de responsabilidad | |
| Nota al título y mención de responsabilidad | Tit. en front. : "Obras de Don Luis de Gongora comentadas dedicalas ... Don Garcia de Salcedo Coronel ... tomo segundo" |
| 596 ## - NOTA AL PIE DE IMPRENTA | |
| NOTA AL PIE DE IMPRENTA | En el pie de imp. del front. consta, además, dato de editor : "A costa de Pedro Laso, mercader de libros" |
| 597 ## - NOTA DE DESCRIPCIÓN FÍSICA | |
| NOTA DE DESCRIPCIÓN FÍSICA | Sign. : [ ]¹, ¶4, A-2P8, 2Q4, 2R². |
| 597 ## - NOTA DE DESCRIPCIÓN FÍSICA | |
| NOTA DE DESCRIPCIÓN FÍSICA | Errores tip. de pág. : de p. 293 retrocede a p. 288 y repite las p. 373-374. |
| 599 ## - NOTA A LAS ILUSTRACIONES | |
| NOTA A LAS ILUSTRACIONES | Front. calc. : "Fran\pco\s. Nauarro. Ft" |
| 700 1# - ENTRADA AGREGADA--NOMBRE PERSONAL | |
| Nombre de persona | Laso, Pedro. |
| 9 (RLIN) | 128723 |
| 700 1# - ENTRADA AGREGADA--NOMBRE PERSONAL | |
| Nombre de persona | Salcedo Coronel, García de. |
| 9 (RLIN) | 132328 |
| 852 ## - LOCALIZACIÓN | |
| Ubicación | ES-MaACL |
| Número de control de estantería | R-1453-54 |
| Nota libre | -- Enc. pasta española |
| -- | -- Enc. también los prelim. de la primera parte del segundo tomo (3*8) a continuación de los prelim. de éste tomo . |
| Encuadernación | Olim: G-13687-88 |
| Estatus retirado | Estado de pérdida | Estado de daño | No para préstamo | Colección | Biblioteca de origen | Biblioteca actual | Ubicación en estantería | Fecha de adquisición | Total de préstamos | Signatura topográfica completa | Código de barras | Visto por última vez | Precio de reemplazo | Tipo de ítem Koha |
|---|---|---|---|---|---|---|---|---|---|---|---|---|---|---|
| Libros del s. XVII | Biblioteca del Ateneo de Madrid | Biblioteca del Ateneo de Madrid | Depósito | 17/01/2008 | R-1453-54 | 1161589 | 23/02/2023 | 23/02/2023 | Libro impreso antiguo |
